El huracán: su mitología y sus símbolos

שמור ב:
מידע ביבליוגרפי
מחבר ראשי: Ortiz Fernández, Fernando (autor)
פורמט: ספר
שפה:ספרדית
יצא לאור: Ciudad de México Fondo de Cultura Económica 1947
נושאים:
תגים: הוספת תג
אין תגיות, היה/י הראשונ/ה לתייג את הרשומה!

MARC

LEADER 00000nam a2200000 a 4500
001 UCO1162
003 CL-VaPUC
008 000512e19470000MX |||||||||||||||||spa|d
082 0 4 |a 972.91  |b ORT  |2 21 
100 |a Ortiz Fernández, Fernando  |e autor  |9 443030 
245 1 3 |a El huracán: su mitología y sus símbolos 
300 |a 686 p 
942 |c BK 
945 |d 20000512 00:00:00  |a crobeson 
260 |a Ciudad de México  |b Fondo de Cultura Económica  |c 1947 
650 7 |a HISTORIA DE CUBA  |2 CL-VaPUC  |9 434680 
650 0 |a Arqueología   |9 265619 
650 0 |a Simbolismo  |9 267046 
650 0 |a Costumbres y tradiciones   |9 268292 
650 0 |a Pueblos indígenas   |9 357564 
651 7 |a CUBA  |2 CL-VaPUC  |9 255263 
583 |a last modification  |c 20000512 00:00:00  |k Rodrigo Vera 
999 |c 287791  |d 287789 
952 |0 0  |1 0  |4 0  |6 972_910000000000000_ORT_1947  |7 0  |8 X  |9 334836  |a BIBHIS  |b BIBHIS  |d 2019-11-20  |i 1274341  |o 972.91 ORT 1947  |p 1274341  |r 2024-01-30  |w 2019-11-20  |y BK_X  |k HIS